Faculty of Law Library — Cairo University

Official Online Catalog

مسئولية الحكومة المصرية باعتبارها صاحبة الولاية العامة, (Record no. 74383)

MARC details
000 -LEADER
fixed length control field 01469nam a2200349 i 4500
003 - CONTROL NUMBER IDENTIFIER
control field EG-GICUC
005 - DATE AND TIME OF LATEST TRANSACTION
control field 20260430082248.0
008 - FIXED-LENGTH DATA ELEMENTS--GENERAL INFORMATION
fixed length control field 260430s1914 ua fr|||| 000 0 ara d
040 ## - CATALOGING SOURCE
Original cataloging agency EG-GICUC
Language of cataloging ara
Transcribing agency EG-GICUC
Modifying agency EG-GICUC
Description conventions rda
041 0# - LANGUAGE CODE
Language code of text/sound track or separate title ARABIC.
082 04 - DEWEY DECIMAL CLASSIFICATION NUMBER
Edition number 21
Classification number 345.5
Item number ع ب . م
092 04 - LOCALLY ASSIGNED DEWEY CALL NUMBER (OCLC)
Edition number 21
099 ## - LOCAL FREE-TEXT CALL NUMBER (OCLC)
Classification number Law1 07 345.5 1 ed - ع ب . م 1914
100 0# - MAIN ENTRY--PERSONAL NAME
Personal name ذهني، عبد السلام،
Relator term Author.
245 ## - TITLE STATEMENT
Title مسئولية الحكومة المصرية باعتبارها صاحبة الولاية العامة,
Number of part/section of a work الجزء الأول /
Statement of responsibility, etc. تأليف عبد السلام ذهني.
264 ## - PRODUCTION, PUBLICATION, DISTRIBUTION, MANUFACTURE, AND COPYRIGHT NOTICE
Place of production, publication, distribution, manufacture مصر :
Name of producer, publisher, distributor, manufacturer مطبعة المعارف بشارع الفجالة،
Date of production, publication, distribution, manufacture, or copyright notice ۱۳۳۲ هـ = ١٩١٤ م
300 ## - PHYSICAL DESCRIPTION
Extent 450 صفحة
Dimensions 24 سم
336 ## - CONTENT TYPE
Source rda content
Content type term text
337 ## - MEDIA TYPE
Source rda media
Media type term Computer
338 ## - CARRIER TYPE
Source rda carrier
Carrier type term Online Resource
490 ## - SERIES STATEMENT
Materials specified مؤلفات المعهد العلمي الشرقي للمباحث القانونية والاجتماعية ؛
500 ## - GENERAL NOTE
General note يشتمل علي جزء تانى يوجود في نفس الكتاب.
504 ## - BIBLIOGRAPHY, ETC. NOTE
Bibliography, etc. note يشتمل على إرجاعات ببليوجرافية.<br/><br/>
546 ## - LANGUAGE NOTE
Language note النص باللغة العربية
600 14 - SUBJECT ADDED ENTRY--PERSONAL NAME
Personal name القانون الإداري.
650 1# - SUBJECT ADDED ENTRY--TOPICAL TERM
Source of heading or term qrmak
651 1# - SUBJECT ADDED ENTRY--GEOGRAPHIC NAME
Source of heading or term qrmak
700 ## - ADDED ENTRY--PERSONAL NAME
Personal name لمبير، إدوار
Relator term editor.
856 40 - ELECTRONIC LOCATION AND ACCESS
Uniform Resource Identifier <a href="https://fll.law.cu.edu.eg/fulltext/bks/B07-04801.pdf">https://fll.law.cu.edu.eg/fulltext/bks/B07-04801.pdf</a>
905 ## - Cataloger and Reviser Names
Cataloger Name: Ganna Ahmed
942 ## - ADDED ENTRY ELEMENTS (KOHA)
Source of classification or shelving scheme Dewey Decimal Classification
Koha item type Books
Edition 21
Suppress in OPAC No
Holdings
Withdrawn status Lost status Source of classification or shelving scheme Damaged status Not for loan Collection Home library Current library Date acquired Total checkouts Full call number Barcode Date last seen Copy number Price effective from Koha item type
    Dewey Decimal Classification   Not for loan القانون الإداري جــــامعة القــاهرة مكتبة كلية الحقوق - المبنى الرئيسي 30.04.2026   Law1 07 345.5 1 ed - ع ب . م 1914 0704801 C1 B07-04801 30.04.2026 1 30.04.2026 Books

© All rights reserved — Faculty of Law, Cairo University